| 000 | 00451nam a2200145 i 4500 | ||
|---|---|---|---|
| 001 | 23373 | ||
| 003 | ES-MaACL | ||
| 007 | t| | ||
| 008 | 021210s1939 ag ||||1| spa d | ||
| 100 | 1 |
_aAlvarez de Estrada, Juan. _920757 |
|
| 245 | 1 | 0 |
_aFlores de humo _b: (poesÃas) / _cJuan Alvarez de Estrada. |
| 260 |
_aBuenos Aires : _b[s.n., _c1939] ( _fTall. Graf. de la Editorial Perlado) |
||
| 300 |
_a102 p. ; _c18 cm. |
||
| 852 |
_aES-MaACL _jB-9500 _bR.18192 |
||
| 999 |
_c23373 _d23373 |
||